000 00922cam a2200313 a 4500
001 1005141
003 OSt
005 20140310182256.0
008 870608s1986 nyu 000 1 eng
010 _a 87016425
020 _a0312010249 :
_c$19.95
040 _aDLC
_cDLC
_dDLC
043 _ae-uk-en
050 0 0 _aPR 6069.A97
_b.Sa273 1986
082 0 0 _aFIC
_bSa9f 1986
100 1 _aSaxton, Judith,
_d1936-
_920375
245 1 0 _aFamily feeling /
_cJudith Saxton.
250 _a1st U.S. ed.
260 _aNew York :
_bSt. Martin's Press,
_cc1986.
300 _a568 p. ;
_c22 cm.
650 0 _aJews
_zEngland
_xFiction.
_920376
650 0 _aJewish families
_xFiction.
_920377
651 0 _aNorwich (England)
_xFiction.
_920378
655 7 _aDomestic fiction.
_2lcsh
_92796
655 7 _aJewish fiction.
_2lcsh
_920379
906 _a7
_bcbc
_corignew
_d1
_eocip
_f19
_gy-gencatlg
942 _2lcc
_cBK-FIC
999 _c11485
_d11485